000
00262nam a2200121Ia 4500
008
231106s2021 xx 000 0 und d
041
_a
eng
082
_a
701.82
100
_a
MATTHEW BREHM
245
_a
MACKE
260
_b
SEARCH PRESS
_c
2021
300
_a
P-144
999
_c
920132
_d
920132